| 000 | 00381nam a2200169Ia 4500 | ||
|---|---|---|---|
| 008 | 170705s9999 xx 000 0 und d | ||
| 020 | _a439312949 | ||
| 245 | _aGregory's shadow / | ||
| 245 | _cDon Freeman. | ||
| 260 | _aNew York : | ||
| 260 | _bScholastic, | ||
| 260 | _c2000 | ||
| 300 | _aunpaged : | ||
| 300 | _bcolor illustration ; | ||
| 300 | _c24cm. | ||
| 500 | _a180 | ||
| 999 |
_c336794 _d336794 |
||